00870pab a2200145 454500008004000000100001900040245006200059260000900121300001500130362001200145520050400157650001500661700001500676773003300691180718b2015 xxu||||| |||| 00| 0 eng d aBozeman, Barry aPublic service motivation concepts and theory: a critique c2015 ap.700-710. aSep-Oct aWith its growth in popularity, public service motivation (PSM) research has been subjected to increasing critical scrutiny, but with more focus on measurement and models than on concepts. The authors examine PSM against standard criteria for judging the strength of concepts (e.g., resonance, parsimony, differentiation, and depth). After providing a critique of PSM concepts, they conclude with suggestions for research programs that could improve the explanatory power of PSM theory. - Reproduced. aMotivation aSu, Xuhong aPublic Administration Review